| 000 | 00630nam a2200205Ia 4500 | ||
|---|---|---|---|
| 003 | GCL | ||
| 008 | 140319s9999 xx 000 0 ara d | ||
| 040 |
_aGCL / _cGCL |
||
| 082 | 0 | 4 |
_a301.21 _bح ا |
| 100 | 1 | _aحمد المرزوقى | |
| 245 | 1 | 0 |
_aاشكاليات فكرية معاصرة / _cحمد المرزوقى |
| 260 |
_a[S.N] : _bالمنتدى العربى للدراسات والنشر ، _c1994 |
||
| 300 | _a294 ص | ||
| 490 | _a | ||
| 650 | 0 | 4 | _aالعالم العربى |
| 650 | 0 | 4 | _aمقالات ومحاضرات |
| 650 | 0 | 4 | _aالثقافة |
| 650 | 0 | 4 | _aالثقافة العربية |
| 942 |
_2ddc _cBK |
||
| 999 |
_c30857 _d30857 |
||